000 01377nam0a2200385 4500
001 RU\NLR\bibl\1182887
005 20260405121907.0
010 _a978-5-17-043794-8
_bАСТ
010 _a978-5-9725-0809-9
_95000
_bАстрель-СПб
021 _aRU
_b2007-87887
_94752
035 _a(nilc)IZD\AST\2007\740839
035 _a(NLR Aleph) 001169483
090 _a1588216
_c1588216
100 _a20070925d2007 |||y0rusy50 ca
101 0 _arus
102 _aRU
105 _aa z |||||
200 1 _aТайны магии и колдовства
_fЛ. Нимбрук
210 _aМосква
_cАСТ
_aСанкт-Петербург
_cАстрель-СПб
_d2007
215 _a317 с.
_cил.
_d21
225 1 _aВсе тайны Земли
300 _aНа обл. авт. не указан
320 _aБиблиогр.: с. 311-313
606 1 _aКолдовство
_91265374
_3RU\NLR\auth\66202430
606 1 _aМагия
_91615580
_3RU\NLR\auth\66712354
686 _a095
_aТайны. Загадки. Сенсации
_2TCC-BG
686 _aЭ240.03
686 _a86.41
_vLBC/PL
700 1 _4070
_8rus
_7ca
_aНимбрук
_bЛ.
_gЛаванда
_3RU\NLR\auth\7747827
_930762
801 0 _aRU
_bЛИБНЕТ
_c20070925
801 1 _aRU
_bЦУНБ Москва
_c20071004
801 2 _aRU
_bNLR
_c20080201
_grcr
942 _cBOOK
980 _aNB